|
|
|
|
| LEADER |
00000nam a2200000 a 4500 |
| 001 |
vtls001217723 |
| 003 |
SK-MaSNL |
| 005 |
20260302014611.0 |
| 008 |
180812s1947 xo a 0 slo |
| 020 |
|
|
|c 3,00
|
| 035 |
|
|
|a SNK000160935
|
| 040 |
|
|
|a SNK
|b slo
|c SNK
|e AACR2
|
| 041 |
0 |
|
|a slo
|
| 044 |
|
|
|a xo
|c SK
|
| 080 |
|
|
|a 792.2
|2 1981
|
| 110 |
2 |
|
|a Divadlo Slovenského národného povstania
|4 aut
|9 232430
|
| 245 |
1 |
|
|a Program Slovenského komorného divadla 1947-1948
|
| 250 |
|
|
|a 2. oprav. vyd.
|
| 260 |
|
|
|a Turčiansky Sv. Martin
|b Slovenské komorané divadlo
|c 1947-1948
|
| 300 |
|
|
|a 15 s.
|c 23 cm
|
| 650 |
0 |
7 |
|a divadelné programy
|2 SNK
|9 120186
|
| 958 |
|
|
|a OND
|
| 999 |
|
|
|c 1017537
|d 1019467
|
| 952 |
|
|
|t P60, <03>, [BOOK], {603}
|a SNK
|b SNK
|y PREZ
|7 0
|o snkOSC 18527
|i snkK 599/96
|0 0
|1 0
|4 0
|d 1996-06-04
|l 0
|r 2005-01-01 00:00:00
|w 2026-02-24
|